| 000 | 00527nam a22001811a 4500 | ||
|---|---|---|---|
| 001 | 1877 | ||
| 003 | OSt | ||
| 005 | 20260204211750.0 | ||
| 008 | 040122s2000||||dr ||||||b||||||||||spa|| | ||
| 050 | _a333.7 L882r | ||
| 082 | _a333.7 L882r | ||
| 100 | _aLora salcedo, Radhames | ||
| 245 | _aVision de futuro para administrar: los recursos forestales y áreas protegidas / Radhames Lora Salcedo | ||
| 264 | _aSanto Domingo : Amigo del Hogar | ||
| 300 | _a214 p | ||
| 650 | _a1.Bósques 2.Recursos ForestalesÌ | ||
| 942 |
_2ddc _cBK |
||
| 999 |
_c1877 _d1877 |
||